LEADER 01026nam--2200361---450- 001 990003007820203316 005 20090824131627.0 010 $a88-8422-554-X 035 $a000300782 035 $aUSA01000300782 035 $a(ALEPH)000300782USA01 035 $a000300782 100 $a20071108d2006----km-y0itay50------ba 101 $aita 102 $aIT 105 $a||||||||001yy 200 1 $aCommento allo statuto della Regione Puglia$fa cura di Guido Meale 210 $aBari$cCacucci$d2006 215 $aXII, 252 p.$d24 cm 410 0$12001 607 $aPuglia$xStatuto 676 $a342 702 1$aMEALE,$bGuido 710 02$aPUGLIA$0262798 801 0$aIT$bsalbc$gISBD 912 $a990003007820203316 951 $aXXIV.3.A 153 (IG IV 1937)$b54658 G.$cXXIV.3.A 153 (IG IV)$d00161757 959 $aBK 969 $aGIU 979 $aIANNONE$b90$c20071108$lUSA01$h1140 979 $aRSIAV2$b90$c20090824$lUSA01$h1316 996 $aCommento allo statuto della Regione Puglia$9270333 997 $aUNISA LEADER 00930nam a2200301 i 4500 001 991000811859707536 005 20020506124458.0 008 960227s1971 ||| ||| | eng 035 $ab10132946-39ule_inst 035 $aLE00637237$9ExL 040 $aDip.to Fisica$bita 084 $a53.0.64 084 $a53.2.2 084 $a53.5.23 084 $a53.5.44 084 $a543'.085 084 $aQC451 100 1 $aDe Galan, Leo$0461086 245 10$aAnalytical spectrometry /$cLeo De Galan 260 $aLondon :$bAdam Hilger Ltd,$c1971 300 $a279 p :$bill. ;$c23 cm. 650 4$aSpectrometry 907 $a.b10132946$b21-09-06$c27-06-02 912 $a991000811859707536 945 $aLE006 53.0.64 DEG$g1$i2006000008150$lle006$o-$pE0.00$q-$rl$s- $t0$u0$v0$w0$x0$y.i10156021$z27-06-02 996 $aAnalytical spectrometry$9185988 997 $aUNISALENTO 998 $ale006$b01-01-96$cm$da $e-$feng$gxx $h0$i1